<?xml version="1.0" encoding="UTF-8"?>
<record
    xmlns:xsi="http://www.w3.org/2001/XMLSchema-instance"
    xsi:schemaLocation="http://www.loc.gov/MARC21/slim http://www.loc.gov/standards/marcxml/schema/MARC21slim.xsd"
    xmlns="http://www.loc.gov/MARC21/slim">

  <leader>00833cam a2200217 a 4500</leader>
  <controlfield tag="001">000004885</controlfield>
  <controlfield tag="005">20200929151527.0</controlfield>
  <controlfield tag="008">770825s1948    mx            001 0dspa  </controlfield>
  <datafield tag="040" ind1=" " ind2=" ">
    <subfield code="c">BNPHU</subfield>
    <subfield code="b">spa</subfield>
    <subfield code="c">BNPHU</subfield>
    <subfield code="a">DO-SdBNP</subfield>
  </datafield>
  <datafield tag="082" ind1=" " ind2=" ">
    <subfield code="a">E860.4</subfield>
    <subfield code="a">I32</subfield>
  </datafield>
  <datafield tag="100" ind1="1" ind2=" ">
    <subfield code="a">Anderson Imbert, Enrique,</subfield>
    <subfield code="d">1910-2000.</subfield>
    <subfield code="9">14134</subfield>
  </datafield>
  <datafield tag="245" ind1="1" ind2="3">
    <subfield code="a">El arte de la prosa en Juan Montalvo.</subfield>
  </datafield>
  <datafield tag="260" ind1=" " ind2=" ">
    <subfield code="a">[Mexico] :</subfield>
    <subfield code="b">El Colegio de Mexico,</subfield>
    <subfield code="c">[1948].</subfield>
  </datafield>
  <datafield tag="300" ind1=" " ind2=" ">
    <subfield code="a">236 p. ;</subfield>
    <subfield code="c">23 cm.</subfield>
  </datafield>
  <datafield tag="490" ind1="1" ind2=" ">
    <subfield code="a">Centro de Estudios Literarios de El Colegio de Mexico 9</subfield>
    <subfield code="v">9</subfield>
  </datafield>
  <datafield tag="504" ind1=" " ind2=" ">
    <subfield code="a">"Cuadro bio-bibliogr&#xE1;fico": p. 219-225. "Bibliograf&#xED;a cr&#xED;tica": p. 226-229.</subfield>
  </datafield>
  <datafield tag="600" ind1="1" ind2="4">
    <subfield code="a">MONTALVO, JUAN,</subfield>
    <subfield code="d">1833-1889.</subfield>
    <subfield code="x">CR&#xCD;TICA E INTREPRETACI&#xD3;N</subfield>
    <subfield code="9">14135</subfield>
  </datafield>
  <datafield tag="650" ind1=" " ind2="4">
    <subfield code="a">Literatura ecuatoriana</subfield>
    <subfield code="x">Historia y cr&#xED;tica</subfield>
    <subfield code="9">3931</subfield>
  </datafield>
  <datafield tag="650" ind1=" " ind2="4">
    <subfield code="a">Arte y literatura</subfield>
    <subfield code="9">652</subfield>
  </datafield>
  <datafield tag="650" ind1=" " ind2="4">
    <subfield code="a">Ensayos ecuatorianos</subfield>
    <subfield code="9">3909</subfield>
  </datafield>
  <datafield tag="952" ind1=" " ind2=" ">
    <subfield code="0">0</subfield>
    <subfield code="1">0</subfield>
    <subfield code="5">2</subfield>
    <subfield code="7">0</subfield>
    <subfield code="8">MO</subfield>
    <subfield code="a">GR</subfield>
    <subfield code="b">GR</subfield>
    <subfield code="c">CT</subfield>
    <subfield code="d">2009-07-27</subfield>
    <subfield code="i">LF1</subfield>
    <subfield code="l">0</subfield>
    <subfield code="o">E860.4 I32 </subfield>
    <subfield code="p">4885-10</subfield>
    <subfield code="r">2020-06-25</subfield>
    <subfield code="w">2020-06-25</subfield>
    <subfield code="y">2</subfield>
    <subfield code="Z">Pr&#xE9;stamo interno</subfield>
  </datafield>
  <datafield tag="999" ind1=" " ind2=" ">
    <subfield code="c">4691</subfield>
    <subfield code="d">4691</subfield>
  </datafield>
</record>
